| 000 | 00632nam a22001937a 4500 | ||
|---|---|---|---|
| 005 | 20141211155917.0 | ||
| 010 | _aENG-111351 | ||
| 020 |
_c270.00 _a9789382536635 |
||
| 020 |
_c270.00 _a9382536639 |
||
| 035 | _aEN-94883 | ||
| 037 | _bDBAD/PUB | ||
| 082 | _aS | ||
| 100 | _aPradhan, Nihar | ||
| 245 |
_aMakeup and breakup stories : _cby Nihar Pradhan ; foreworded by Abhimanyu Acharya _bcontemporary classics for digital natives / |
||
| 260 |
_aNew Delhi _bLifi Publications _c2014 |
||
| 270 |
_a211, Second Floor, Gagandeep 12, Rajendra Place _bNew Delhi _e110008 |
||
| 300 |
_axv, 301p. _c23cm(pbk) |
||
| 942 |
_2ddc _cEN _mPRA _hS |
||
| 999 |
_c90191 _d90191 |
||